[Event "Bremen-ch op"]
[Site "Bremen"]
[Date "2016.03.22"]
[Round "5"]
[White "Rosin, Julius"]
[Black "Kardoeus, David"]
[Result "0-1"]
[WhiteElo "1996"]
[BlackElo "2110"]
[PlyCount "50"]
[EventDate "2016.03.19"]
[EventType "swiss"]
[EventRounds "9"]
[EventCountry "GER"]
[SourceTitle "EXT 2018"]
[Source "ChessBase"]
[SourceDate "2017.10.13"]
[SourceVersion "1"]
[SourceVersionDate "2017.10.13"]
[SourceQuality "1"]

1. d4 Nf6 2. Nf3 g6 3. Bf4 Bg7 4. Nbd2 Nh5 5. Be5 f6 6. Bg3 Nxg3 7. hxg3 e5 8. dxe5 fxe5 9. e4 d6 10. Bc4 Qf6 11. c3 Nd7 12. Qe2 Nb6 13. Bb3 Bg4 14. Qe3 h5 15. a4 Bh6 16. Qd3 a6 17. a5 Nd7 18. Ba4 0-0-0 19. b4 Rhf8 20. Rf1 d5 21. Qxd5 Nb6 22. Qc5 Nxa4 23. Rxa4 Rd3 24. Qa7 Qd6 25. Ra2 Bxf3 0-1

[Event "Bremen-ch op"]
[Site "Bremen"]
[Date "2016.03.20"]
[Round "2"]
[White "Rosin, Julius"]
[Black "Klemm, Robert"]
[Result "1-0"]
[WhiteElo "1996"]
[BlackElo "1852"]
[PlyCount "57"]
[EventDate "2016.03.19"]
[EventType "swiss"]
[EventRounds "9"]
[EventCountry "GER"]
[SourceTitle "EXT 2018"]
[Source "ChessBase"]
[SourceDate "2017.10.13"]
[SourceVersion "1"]
[SourceVersionDate "2017.10.13"]
[SourceQuality "1"]

1. d4 Nf6 2. Nf3 g6 3. Bf4 Bg7 4. Nbd2 d6 5. e4 c6 6. c3 0-0 7. Bc4 b5 8. Bb3 Nbd7 9. 0-0 Nh5 10. Be3 e5 11. a4 a6 12. g3 Kh8 13. Qe2 Qe8 14. dxe5 dxe5 15. axb5 cxb5 16. Bd5 Rb8 17. Ba7 Rb7 18. Rxa6 Rc7 19. Ra5 b4 20. cxb4 f5 21. Nc4 Qe7 22. b5 Nhf6 23. b6 Rb7 24. exf5 Nxd5 25. Rxd5 Rxf5 26. Nd6 Nxb6 27. Bxb6 Be6 28. Nxf5 gxf5 29. Rd8+ 1-0

[Event "Bad Woerishofen op 32nd"]
[Site "Bad Woerishofen"]
[Date "2016.03.02"]
[Round "6"]
[White "Schulze, Ulrich"]
[Black "Rosin, Julius"]
[Result "0-1"]
[WhiteElo "2296"]
[BlackElo "1953"]
[PlyCount "99"]
[EventDate "2016.02.26"]
[EventType "swiss"]
[EventRounds "9"]
[EventCountry "GER"]
[SourceTitle "CBM 171 Extra"]
[Source "ChessBase"]
[SourceDate "2016.04.26"]
[SourceVersion "1"]
[SourceVersionDate "2016.04.26"]
[SourceQuality "1"]

1. Nf3 d5 2. g3 Nf6 3. Bg2 e6 4. 0-0 Be7 5. d4 0-0 6. c4 b6 7. Nc3 Bb7 8. Ne5 c6 9. e4 dxe4 10. Nxe4 Nxe4 11. Bxe4 Qc7 12. Qc2 h6 13. Bf4 Bd6 14. Rfe1 Nd7 15. Nxd7 Qxd7 16. Bxd6 Qxd6 17. Rad1 Rfd8 18. c5 Qc7 19. Re3 Rd7 20. Rc3 Rc8 21. f4 Rcd8 22. Rcd3 bxc5 23. dxc5 Ba6 24. R3d2 Kf8 25. Qc3 Rxd2 26. Rxd2 Rxd2 27. Qxd2 Bc4 28. b4 Bd5 29. Qc2 Bxe4 30. Qxe4 Qd7 31. b5 cxb5 32. c6 Qd6 33. Qc2 Qc7 34. Qc5+ Ke8 35. Kf1 a6 36. Ke2 f6 37. h4 Kf7 38. h5 Ke8 39. a3 Kf7 40. g4 Ke8 41. Ke3 Qe7 42. Kd4 e5+ 43. fxe5 fxe5+ 44. Qxe5 Qxe5+ 45. Kxe5 Kd8 46. Kd5 Kc8 47. Kd6 Kd8 48. c7+ Kc8 49. Kc6 a5 50. Kxb5 0-1

[Event "Niedersachsen-ch op"]
[Site "Verden"]
[Date "2016.01.06"]
[Round "7"]
[White "Raetzke von Stoyentin, Steffen"]
[Black "Rosin, Julius"]
[Result "1-0"]
[WhiteElo "1984"]
[BlackElo "1923"]
[PlyCount "61"]
[EventDate "2016.01.03"]
[EventType "swiss"]
[EventRounds "7"]
[EventCountry "GER"]
[SourceTitle "EXT 2018"]
[Source "ChessBase"]
[SourceDate "2017.10.13"]
[SourceVersion "1"]
[SourceVersionDate "2017.10.13"]
[SourceQuality "1"]

1. d4 d5 2. c4 e6 3. Nc3 Nf6 4. cxd5 exd5 5. Bg5 Be7 6. e3 0-0 7. Qc2 c6 8. Bd3 Nbd7 9. Nf3 Re8 10. 0-0 Nf8 11. Ne5 N6d7 12. Bxe7 Qxe7 13. Nxd7 Bxd7 14. b4 a6 15. Na4 Rad8 16. Nc5 Bc8 17. Rfe1 Qh4 18. Qe2 Rd6 19. Qf3 Rh6 20. Qg3 Qd8 21. a4 Ne6 22. Nxe6 Rexe6 23. b5 axb5 24. axb5 Re8 25. Ra8 Qd6 26. Rea1 Qxg3 27. hxg3 Bd7 28. Bf5 Rhe6 29. Bxe6 fxe6 30. Rxe8+ Bxe8 31. b6 1-0

[Event "Niedersachsen-ch op"]
[Site "Verden"]
[Date "2016.01.05"]
[Round "6"]
[White "Rosin, Julius"]
[Black "Eilert, Marius"]
[Result "1/2-1/2"]
[WhiteElo "1923"]
[BlackElo "1818"]
[PlyCount "81"]
[EventDate "2016.01.03"]
[EventType "swiss"]
[EventRounds "7"]
[EventCountry "GER"]
[SourceTitle "EXT 2018"]
[Source "ChessBase"]
[SourceDate "2017.10.13"]
[SourceVersion "1"]
[SourceVersionDate "2017.10.13"]
[SourceQuality "1"]

1. d4 Nf6 2. Nf3 g6 3. Bf4 d6 4. Nbd2 Bg7 5. c3 c6 6. e4 0-0 7. Bc4 Nxe4 8. Nxe4 d5 9. Bd3 dxe4 10. Bxe4 Nd7 11. 0-0 Nf6 12. Bc2 Bg4 13. h3 Bxf3 14. Qxf3 Qb6 15. Bb3 a5 16. Rfe1 Rfe8 17. Re2 Qb5 18. Rae1 a4 19. Bc2 e6 20. Bd3 Qa5 21. c4 Red8 22. Bb1 Nh5 23. Bd2 Qc7 24. g4 Nf6 25. Bg5 Rxd4 26. Bxf6 Rf4 27. Qg3 Bxf6 28. Rd2 e5 29. g5 Be7 30. Red1 Bc5 31. Kg2 Qb6 32. f3 Bd4 33. h4 Qb4 34. h5 Qxc4 35. Qh3 Qe6 36. Qxe6 fxe6 37. hxg6 hxg6 38. Bxg6 Kg7 39. Be4 Rh8 40. Rh1 Rfh4 41. Rxh4 1/2-1/2

[Event "Niedersachsen-ch U18"]
[Site "Norderney"]
[Date "2014.04.13"]
[Round "3"]
[White "Rosin, Julius"]
[Black "Koch, Yannick"]
[Result "1/2-1/2"]
[WhiteElo "1876"]
[BlackElo "1862"]
[PlyCount "79"]
[EventDate "2014.04.??"]
[EventType "swiss"]
[EventRounds "9"]
[EventCountry "GER"]
[SourceTitle "EXT 2017"]
[Source "ChessBase"]
[SourceDate "2016.10.25"]
[SourceVersion "1"]
[SourceVersionDate "2016.10.25"]
[SourceQuality "1"]

1. d4 e6 2. Nf3 Nf6 3. Bg5 c5 4. e3 cxd4 5. exd4 Be7 6. c3 b6 7. Bd3 Bb7 8. Nbd2 d6 9. 0-0 Nbd7 10. Qe2 0-0 11. Rfe1 Re8 12. Rad1 Rc8 13. h3 Qc7 14. Ne4 Nxe4 15. Bxe4 Bxe4 16. Qxe4 Nf6 17. Qd3 Qb7 18. Bxf6 Bxf6 19. d5 Rcd8 20. dxe6 fxe6 21. Re2 Qf7 22. Nd4 Bxd4 23. Qxd4 Qf5 24. Rde1 e5 25. Qd5+ Qf7 26. Rd1 Qxd5 27. Rxd5 Kf7 28. Red2 Re6 29. Kf1 Ke7 30. Re2 Rf6 31. Re4 Rdf8 32. f3 Rf4 33. Rxf4 Rxf4 34. Kf2 Ke6 35. Rd2 d5 36. Ke3 g5 37. g3 Rf6 38. Rf2 Rh6 39. Rh2 Kf5 40. Rh1 1/2-1/2

[Event "Niedersachsen-ch U18"]
[Site "Rotenburg"]
[Date "2013.03.29"]
[Round "9"]
[White "Rosin, Julius"]
[Black "Thielen, Laurens"]
[Result "1-0"]
[WhiteElo "1897"]
[BlackElo "1654"]
[PlyCount "33"]
[EventDate "2013.03.23"]
[EventType "swiss"]
[EventRounds "9"]
[EventCountry "GER"]
[SourceTitle "EXT 2015"]
[Source "ChessBase"]
[SourceDate "2014.11.20"]
[SourceVersion "1"]
[SourceVersionDate "2014.11.20"]
[SourceQuality "1"]

1. e4 e5 2. Nf3 Nc6 3. d4 exd4 4. Nxd4 Qh4 5. Nc3 Bb4 6. Ndb5 Qxe4+ 7. Be2 Bxc3+ 8. bxc3 Qe5 9. f4 Qe4 10. Nxc7+ Kd8 11. Nxa8 Qxg2 12. Bf3 Qg6 13. Ba3 Qe6+ 14. Qe2 Qxe2+ 15. Bxe2 Na5 16. Bd6 Nf6 17. Bc7+ 1-0

[Event "Niedersachsen-ch U18"]
[Site "Rotenburg"]
[Date "2013.03.23"]
[Round "1"]
[White "Spieker, Christine"]
[Black "Rosin, Julius"]
[Result "1/2-1/2"]
[WhiteElo "1660"]
[BlackElo "1897"]
[PlyCount "88"]
[EventDate "2013.03.23"]
[EventType "swiss"]
[EventRounds "9"]
[EventCountry "GER"]
[SourceTitle "EXT 2015"]
[Source "ChessBase"]
[SourceDate "2014.11.20"]
[SourceVersion "1"]
[SourceVersionDate "2014.11.20"]
[SourceQuality "1"]

1. Nf3 d5 2. c4 e6 3. g3 Nf6 4. Bg2 c6 5. b3 Be7 6. Bb2 0-0 7. 0-0 Nbd7 8. d4 b6 9. Nbd2 Bb7 10. Rc1 Rc8 11. Rc2 Qc7 12. Qa1 Qb8 13. a3 a5 14. Bc3 c5 15. dxc5 Nxc5 16. Be5 Qa8 17. Rfc1 Rfd8 18. Qb2 Nce4 19. Ne1 Nxd2 20. Rxd2 dxc4 21. Rxd8+ Bxd8 22. bxc4 Bxg2 23. Nxg2 Qc6 24. Ne3 Ne8 25. Rd1 Bf6 26. Bxf6 Nxf6 27. Qb5 h6 28. Rd8+ Kh7 29. Rxc8 Qxc8 30. Qxb6 Qd7 31. Qxa5 Ne4 32. Qb5 Qd4 33. Qb1 g6 34. a4 Nc3 35. Qc2 Ne4 36. Kg2 Nc5 37. Qa2 Qd6 38. a5 Qa6 39. Qa3 Nb7 40. Qe7 Kg7 41. Qd7 Nxa5 42. Qa4 Qb6 43. Qb5 Qc7 44. c5 Nb7 1/2-1/2

[Event "Kaiserbrunnen Winter op"]
[Site "Brakel"]
[Date "2013.01.21"]
[Round "5"]
[White "Rosin, Julius"]
[Black "Schatz, Christian"]
[Result "1-0"]
[WhiteElo "1840"]
[BlackElo "2238"]
[PlyCount "81"]
[EventDate "2013.01.21"]
[EventType "swiss"]
[EventRounds "5"]
[EventCountry "GER"]
[SourceTitle "EXT 2023"]
[Source "ChessBase"]
[SourceDate "2022.10.05"]
[SourceVersion "1"]
[SourceVersionDate "2022.10.05"]
[SourceQuality "1"]

1. d4 Nf6 2. Nf3 g6 3. Bf4 Bg7 4. h3 0-0 5. e3 d6 6. Be2 Nbd7 7. c4 b6 8. Nc3 Bb7 9. 0-0 Re8 10. Qc2 e5 11. dxe5 dxe5 12. Bh2 e4 13. Nd2 a6 14. Rfd1 Rc8 15. c5 Nxc5 16. Ndxe4 Qe7 17. Nxf6+ Qxf6 18. Bg4 Rcd8 19. Rac1 h5 20. Be2 Ne6 21. Bc4 Qg5 22. Bf1 Qf6 23. Bc4 Ng5 24. Nd5 Nxh3+ 25. Kf1 Bxd5 26. Bxd5 Ng5 27. Qxc7 Qxb2 28. Rb1 Qa3 29. Qxb6 Kh7 30. Bf4 Ne6 31. Bxe6 Rxd1+ 32. Rxd1 Rxe6 33. Qb3 Qe7 34. Rc1 Qh4 35. Rc7 Re7 36. Rxe7 Qxe7 37. Ke2 Qd7 38. Qd3 Qb7 39. Kf1 Bf6 40. Qb3 Kg7 41. Qxb7 1-0

[Event "Niedersachsen-ch"]
[Site "Verden"]
[Date "2013.01.04"]
[Round "3"]
[White "Rosin, Julius"]
[Black "Schroeder, Boris"]
[Result "1/2-1/2"]
[WhiteElo "1840"]
[BlackElo "2142"]
[PlyCount "118"]
[EventDate "2013.01.03"]
[EventType "swiss"]
[EventRounds "7"]
[EventCountry "GER"]
[SourceTitle "EXT 2014"]
[Source "ChessBase"]
[SourceDate "2013.11.20"]
[SourceVersion "1"]
[SourceVersionDate "2013.11.20"]
[SourceQuality "1"]

1. d4 Nf6 2. Nf3 g6 3. e3 Bg7 4. b3 d6 5. Bb2 0-0 6. Bd3 c5 7. 0-0 Nc6 8. Nbd2 b6 9. c4 cxd4 10. Nxd4 Bb7 11. Nxc6 Bxc6 12. Qc2 Rc8 13. Rad1 Qc7 14. Ne4 Bxe4 15. Bxe4 b5 16. Bd3 d5 17. Rc1 Ng4 18. g3 Bxb2 19. Qxb2 bxc4 20. bxc4 Ne5 21. Be2 Nxc4 22. Bxc4 dxc4 23. Rc3 Qc5 24. Rfc1 Rc7 25. Qc2 Rfc8 26. Qa4 Qd5 27. Rd1 Qc6 28. Qxc6 Rxc6 29. Kg2 Ra6 30. Rd2 Rc5 31. Rdc2 Rca5 32. Rxc4 Rxa2 33. Rxa2 Rxa2 34. Rc7 e6 35. Kf3 Kg7 36. Rb7 Kf6 37. Rc7 a5 38. Ra7 a4 39. Ra5 a3 40. Kg2 Ra1 41. Kf3 a2 42. Ke4 Ke7 43. Ra6 f6 44. Kf3 Kd7 45. Kg2 Kc7 46. Kf3 Kb7 47. Ra3 Kb6 48. Ra8 e5 49. e4 Kc5 50. Ra7 f5 51. exf5 gxf5 52. h3 e4+ 53. Kg2 Kd5 54. Ra8 h5 55. h4 Kd4 56. Ra3 Kc4 57. Ra7 Kd3 58. Ra3+ Kc2 59. Ra8 Kd2 1/2-1/2

[Event "GER-chT U16"]
[Site "Naumburg"]
[Date "2012.12.28"]
[Round "3"]
[White "Bauer, Lukas"]
[Black "Rosin, Julius"]
[Result "1/2-1/2"]
[WhiteElo "1779"]
[BlackElo "1905"]
[PlyCount "80"]
[EventDate "2012.12.27"]
[EventType "team-swiss"]
[EventRounds "7"]
[EventCountry "GER"]
[SourceTitle "EXT 2014"]
[Source "ChessBase"]
[SourceDate "2013.11.20"]
[SourceVersion "1"]
[SourceVersionDate "2013.11.20"]
[SourceQuality "1"]
[WhiteTeam "Trier"]
[BlackTeam "Gottingen Rochade"]
[WhiteTeamCountry "GER"]
[BlackTeamCountry "GER"]

1. d4 d5 2. c4 e6 3. g3 Nf6 4. Bg2 c6 5. Nf3 Be7 6. 0-0 0-0 7. Qc2 b6 8. Nbd2 Bb7 9. Rd1 Nbd7 10. e4 dxe4 11. Nxe4 Nxe4 12. Qxe4 Nf6 13. Qc2 Qc7 14. Bf4 Bd6 15. Bxd6 Qxd6 16. a3 a5 17. Rab1 Rfd8 18. c5 bxc5 19. dxc5 Qc7 20. b3 Nd5 21. Ng5 Nf6 22. Ne4 Nxe4 23. Bxe4 h6 24. Rxd8+ Rxd8 25. Rd1 Qe7 26. Rxd8+ Qxd8 27. Qd3 Qxd3 28. Bxd3 Kf8 29. Kg2 Ke7 30. Kf3 Bc8 31. Ke4 Kf6 32. f4 Ke7 33. Kd4 Kd8 34. b4 axb4 35. axb4 Kd7 36. h4 Ke7 37. Ke4 Kd7 38. Be2 Kd8 39. Bd3 Kc7 40. Be2 Kd8 1/2-1/2

[Event "Niedersachsen-ch U16"]
[Site "Rotenburg"]
[Date "2012.04.01"]
[Round "3"]
[White "Rosin, Julius"]
[Black "Brauer, Jan"]
[Result "1-0"]
[WhiteElo "1696"]
[BlackElo "1325"]
[PlyCount "62"]
[EventDate "2012.03.31"]
[EventType "swiss"]
[EventRounds "9"]
[EventCountry "GER"]
[SourceTitle "EXT 2015"]
[Source "ChessBase"]
[SourceDate "2014.11.20"]
[SourceVersion "1"]
[SourceVersionDate "2014.11.20"]
[SourceQuality "1"]

1. e4 e5 2. f4 exf4 3. Nf3 Nc6 4. Bc4 Bc5 5. d4 Bb4+ 6. c3 Be7 7. 0-0 Na5 8. Bd3 g5 9. Nbd2 h5 10. e5 b6 11. Ne4 Bb7 12. Qe2 Bxe4 13. Bxe4 c6 14. Nd2 Qc7 15. Bd3 0-0-0 16. b4 Nb7 17. a4 a5 18. bxa5 Nxa5 19. Nc4 Nxc4 20. Bxc4 Nh6 21. a5 b5 22. Bd3 Kb8 23. c4 bxc4 24. Bxc4 Ka7 25. Bd2 f5 26. a6 Qb6 27. Qd3 Ng4 28. Rfb1 Nxe5 29. Rxb6 Nxd3 30. Rb7+ Ka8 31. Bxd3 d6 1-0